000 01023nam a2200277 a 4500
003 BLK
005 20250623175554.0
008 200305b bu ||||| |||| 00| 0 bu d
020 _a9789543574902
040 _aBLK
041 _aBUL
_cBUL
080 _aИсландска литература
_b821.113.3
_x-31
_z821.113.3-31
100 _aСигурдардотир, Ирса
_eпърви автор
_91299
139 _aСигурдардотир, Ирса
_bС 35
245 _aИзкупление
_bРоман
_cИрса Сигурдардотир ; прев. от нем. Ваня Пенева
246 1 1 _aAflausn
260 _9210050
_aСофия
_bЕМАС
_c2021
_fХасково: Полиграфюг
300 _a412 с.
_c21 см
380 _aX
700 _91091
_aПенева, Ваня
_eпрев. от нем.
852 _aЦб 322155
_bЦб
852 _bП
_c821-31/С 35 И
942 _cKNG
_n0
_s1
_051
944 _aCR
_c2021-07-02
_k30531
_lЦветелина Шанова
944 _aED
_kМ.Я.
999 _c422668
_d422668